Equilenz (Record no. 13268)
[ view plain ]
| 000 -LEADER | |
|---|---|
| fixed length control field | 00469nam a22001697a 4500 |
| 082 ## - DEWEY DECIMAL CLASSIFICATION NUMBER | |
| Classification number | BSCS-1 |
| 100 ## - MAIN ENTRY--PERSONAL NAME | |
| Personal name | Azqa Nadeem |
| 9 (RLIN) | 93556 |
| 245 ## - TITLE STATEMENT | |
| Title | Equilenz |
| 260 ## - PUBLICATION, DISTRIBUTION, ETC. | |
| Place of publication, distribution, etc. | Islamabad |
| Name of publisher, distributor, etc. | NUST-SEECS |
| Date of publication, distribution, etc. | 2015 |
| 300 ## - PHYSICAL DESCRIPTION | |
| Extent | 51 |
| Accompanying material | CD Include |
| 500 ## - GENERAL NOTE | |
| General note | Supervisors: Dr. Anis-ur-Rahman, Dr. Asad Anwar Butt |
| 563 ## - BINDING INFORMATION | |
| Binding note | HB |
| 700 #2 - ADDED ENTRY--PERSONAL NAME | |
| Personal name | Faiza Ashfaq |
| 9 (RLIN) | 93557 |
| 700 #2 - ADDED ENTRY--PERSONAL NAME | |
| Personal name | Muhammad Sagheer |
| 9 (RLIN) | 93558 |
| 856 ## - ELECTRONIC LOCATION AND ACCESS | |
| Uniform Resource Identifier | <a href="http://10.250.8.41:8080/xmlui/handle/123456789/9846">http://10.250.8.41:8080/xmlui/handle/123456789/9846</a> |
| 942 ## - ADDED ENTRY ELEMENTS (KOHA) | |
| Koha item type | Project Report |
| Source of classification or shelving scheme | |
| Withdrawn status | Lost status | Source of classification or shelving scheme | Damaged status | Not for loan | Permanent Location | Current Location | Shelving location | Date acquired | Full call number | Barcode | Date last seen | Price effective from | Koha item type |
|---|---|---|---|---|---|---|---|---|---|---|---|---|---|
| WITHDRAWN | Central Library (CL) | Central Library (CL) | General Stacks | 07/13/2015 | BSCS-1 AZQ | SEECSP01692 | 07/11/2015 | 07/11/2015 | Project Report |
